|
|
|
|
| LEADER |
00558nam a22001457a 4500 |
| 008 |
130801b xxu||||| |||| 00| 0 eng d |
| 999 |
|
|
|c 2413
|d 2413
|
| 082 |
|
|
|a R 491.203
|b MON
|
| 100 |
|
|
|a Monier- williams, M. A. , Monier
|
| 245 |
|
|
|a Sanskrit- English literature
|c Leumann, E. and Cappler,C.
|
| 260 |
|
|
|a U. K.
|b Oxford University Press,
|c 2012
|
| 300 |
|
|
|a 1333p.
|
| 650 |
|
|
|a Dictionary
|
| 942 |
|
|
|2 ddc
|c REF
|
| 952 |
|
|
|0 0
|1 0
|2 ddc
|4 0
|6 R_491_203000000000000_MON
|7 0
|8 REF
|9 2798
|a MAIN
|b MAIN
|d 2013-08-01
|e Athulya Books
|g 1650.00
|o R 491.203 MON
|p 2846
|r 2013-08-01
|w 2013-08-01
|y REF
|